La génesis de la individualidad: Individuación y socialización
Uloženo v:
| Hlavní autoři: | , , , , , |
|---|---|
| Médium: | Kniha |
| Jazyk: | španělština |
| Vydáno: |
Valparaíso
Ediciones Universitarias de Valparaíso
1971
|
| Vydání: | 1a. ed |
| Edice: | Psicología Social, 4
|
| Témata: | |
| Tagy: |
Přidat tag
Žádné tagy, Buďte první, kdo vytvoří štítek k tomuto záznamu!
|
MARC
| LEADER | 00000nam a2200000 a 4500 | ||
|---|---|---|---|
| 001 | UCJ4728 | ||
| 003 | CL-VaPUC | ||
| 008 | 070124e19710000CL |||||||||||||||||spa|d | ||
| 082 | 0 | 4 | |a 150.1 |b ALL |2 21 |
| 100 | 0 | |a Allport, Gordon W |e author |9 343422 | |
| 700 | 0 | |a Cole, Michael |e author |9 508928 | |
| 700 | 0 | |a Cole, Sheila |e author |9 508929 | |
| 700 | 0 | |a Rabkin, Leslie Y |e author |9 508930 | |
| 700 | 0 | |a Rabkin, Karen |e author |9 508931 | |
| 700 | 0 | |a Odenhal, Jiri |e author |9 508932 | |
| 245 | 1 | 3 | |a La génesis de la individualidad: Individuación y socialización |
| 250 | |a 1a. ed | ||
| 300 | |a 123 p | ||
| 942 | |c BK | ||
| 945 | |d 20070124 00:00:00 |a rinostro | ||
| 260 | |a Valparaíso |b Ediciones Universitarias de Valparaíso |c 1971 | ||
| 500 | |a Edición y traducciones a cargo del sociólogo Ricardo Zúñiga Burmester, de la Pontificia Universidad Católica de Chile | ||
| 500 | |a Análisis crítico, desde la perspectiva sicosocial, de la ideología individualista y de su solución para comprender la individualidad: visión armónica de los procesos de individuación y socialización | ||
| 650 | 0 | |a Psicología del desarrollo |9 307541 | |
| 650 | 0 | |a Personalidad |9 307255 | |
| 651 | 0 | |a Rusia |9 256106 | |
| 651 | 0 | |a Israel |9 314378 | |
| 583 | |a last modification |c 20130101 10:07:40 |k Rodrigo Vera | ||
| 490 | 0 | |a Psicología Social, 4 | |
| 999 | |c 320844 |d 320842 | ||
| 952 | |0 0 |1 0 |4 0 |6 150_100000000000000_ALL_1971 |7 0 |8 X |9 399450 |a FDOBUD |b FDOBUD |d 2019-11-22 |i 1023764 |o 150.1 ALL 1971 |p 1023764 |r 2019-11-22 |w 2019-11-22 |y BK_X |k BUD | ||